00243nam a2200109Ia 4500008004100000082001100041082000800052245004400060245001000104260001000114300000900124231017s9999 xx 000 0 und d a625.85 bBCM 0aBituminous mixes and flexible pavements 0cBACMI bBACMI c30cm